000 01072nam a2200313 a 4500
001 000114279
003 CHAP
005 20220329144434.0
008 171205s2015 mx ab |r| |||0|||spa d
010 _a110740
011 _a111712
020 _a9780692626221
040 _cCHAP
082 0 4 _a378.0550972
_bC76
245 3 _aLa situación actual de las ciencias sociales en México /
_ccoord. por Oscar F. Contreras Montellano y Alfredo Hualde Alfaro.
260 _aMéxico :
_bConsejo Mexicano de Ciencias Sociales,,
_c2015.
300 _a159 p. :
_bil. cuadros, graficas y mapas.
590 _aE11695DGD
_b10
_c20180111
_lUCH01
_h1149
590 _aE6339RRR
_b05
_c20171205
_lUCH01
_h1127
590 _aE6339RRR
_b05
_c20171205
_lUCH01
_h1155
650 1 4 _aCiencias sociales
_xEstadísticas.
_923221
650 1 4 _aCiencias sociales
_xInvestigación
_zMéxico.
_9134220
650 1 4 _aMaestros universitarios.
_969763
700 0 _aHualde Alfaro, Alfredo.
_956572
700 1 _aContreras Montellano, Oscar F.
_9134110
901 _aBK
942 _cLIBRO
942 _n0
999 _c110740
_d110740